El pasado siempre vuelve. Historia y políticas de memoria pública.
Wedi'i Gadw mewn:
| Prif Awdur: | |
|---|---|
| Awduron Eraill: | |
| Fformat: | Anhysbys |
| Cyhoeddwyd: |
Zaragoza, España:
Prensas de la Universidad de Zaragoza,
2021.
|
| Rhifyn: | 1.ª edición. |
| Cyfres: | Estudios.
|
| Pynciau: | |
| Tagiau: |
Ychwanegu Tag
Dim Tagiau, Byddwch y cyntaf i dagio'r cofnod hwn!
|
MARC
| LEADER | 00000 a2200000 4500 | ||
|---|---|---|---|
| 003 | CL-VaPUC | ||
| 005 | 20240409101417.0 | ||
| 008 | 240318t2021 ||||| |||| 00| 0 eng d | ||
| 999 | |c 443175 |d 443173 | ||
| 020 | |a 9788413403014 | ||
| 040 | |c Pontificia Universidad Católica de Valparaíso | ||
| 082 | 7 | |2 22 |a 907.2 PON 2021 | |
| 100 | |a Ponce Alberca, Julio |9 864610 |e coordinador | ||
| 245 | 1 | 3 | |a El pasado siempre vuelve. |b Historia y políticas de memoria pública. |
| 250 | |a 1.ª edición. | ||
| 260 | |a Zaragoza, España: |b Prensas de la Universidad de Zaragoza, |c 2021. | ||
| 300 | |a 300 páginas. | ||
| 490 | |a Estudios. | ||
| 505 | |a A modo de introducción: El pasado siempre vuelve Julio Ponce Alberca Los que no fueron a la guerra: las huellas de la Primera Guerra Mundial en España y Argentina Maximiliano Fuentes Codera No solo se pierde la vida: la represión económica Julio Prada Rodríguez El arte expoliado y la memoria del Holocausto Miguel Martorell Linares Tan lejos, tan cerca. Percepciones públicas sobre el franquismo en los inicios de la transición (1975-1978) Miguel Ángel Ruiz Carnicer «Y aquí, luego, yo». Sobre los debates en torno al Valle de los Caídos Javier Rodrigo Sentir el franquismo. El pazo de Meirás: caminos de futuro en la imagen de una dictadura Emilio Grandío Seoane Arquitecturas y símbolos del fascismo en la ciudad democrática: una comparación entre los casos de Italia y España Javier Muñoz Soro Dos focos para una memoria de la violencia vasca: Centro Memo-rial e Instituto Gogora Antonio Rivera Olga Glondys, in memoriam Javier Muñoz Soro El debate de la memoria de la guerra y el Holocausto judío en Polonia. Un ensayo bibliográfico Olga Glondys † | ||
| 583 | |k GC |c 20240318 | ||
| 650 | 0 | |9 888108 |a España |v Historia |y 1936-1939 (Guerra civil) |y 1975-1982 (Transición) | |
| 650 | 0 | |a Franquismo |9 318598 | |
| 650 | 0 | |a País Vasco (España) |9 888114 | |
| 650 | 0 | |9 882580 |a Holocausto judio |x 1939-1945 |z Polonia | |
| 650 | 0 | |9 344532 |a Primera Guerra Mundial |y 1914 - 1918 | |
| 650 | 0 | |9 548864 |a Memoria colectiva | |
| 700 | |a Ruiz Carnicer, Miguel Angel |e coordinador |9 887788 | ||
| 942 | |2 ddc |c BK | ||
| 952 | |0 0 |1 0 |2 ddc |4 0 |6 907_200000000000000_PON_2021 |7 0 |8 A |9 593615 |a BIBHIS |b BIBHIS |d 2024-03-11 |e 3 |g 23654.00 |i 5658784 |o 907.2 PON 2021 |p 5658784 |r 2024-03-11 |t 1 |v 23654.00 |w 2024-03-11 |y BK |k HIS | ||